Koiramaantieto - Pohjois-Amerikka - Statistics

Yleistilastot
  • Tätä visaa on pelattu 33 kertaa
  • Keskiarvotulos 5 / 8
Vastaustilastot
Kuvavisa Hint Vastaus % Oikein
Kanada Labrador
80%
Kanada Nova Scotia
80%
Yhdysvallat Alaska
77%
Yhdysvallat Boston
70%
Kanada Newfoundland
60%
Kuuba Havanna
47%
Yhdysvallat Amerikka
23%
Yhdysvallat Chesapeakenlahti
23%
Ehtoja vastaavia visoja ei löytynyt
Tulosjakauma
Jokaisen tuloksen saaneiden osuus
Persentiili vastausten määrän mukaan
Tuloshistoriasi
Et ole pelannut tätä visaa